000
00294nam a22001337a 4500
008
181001b xxu||||| |||| 00| 0 eng d
020
_a
9780072428346
041
_a
eng
080
_a
620
100
_a
27
101
_a
MEK
245
_a
PRO/Engineer Instructor
_c
Kelley,D.S
942
_2
udc
_c
BK
999
_c
48747
_d
48747